[Event "Chorzow op"]
[Site "Chorzow"]
[Date "2007.03.26"]
[Round "5"]
[White "Mossakowski, Piotr"]
[Black "Sowa, Bernard"]
[Result "1-0"]
[WhiteElo "2058"]
[BlackElo "1938"]
[PlyCount "85"]
[EventDate "2007.03.24"]
[EventType "swiss"]
[EventRounds "9"]
[EventCountry "POL"]
[SourceTitle "EXT 2011"]
[Source "ChessBase"]
[SourceDate "2010.11.26"]
[SourceVersion "1"]
[SourceVersionDate "2010.11.26"]
[SourceQuality "1"]

1. d4 d5 2. c4 Bf5 3. Nc3 e6 4. Qb3 Nc6 5. e3 Nb4 6. e4 dxe4 7. a3 Nd3+ 8. Bxd3 exd3 9. Qxb7 Rb8 10. Qc6+ Qd7 11. Qxd7+ Kxd7 12. b4 a5 13. b5 e5 14. dxe5 Bc5 15. Nf3 Be6 16. Ne4 Ba7 17. Ned2 Ne7 18. 0-0 c6 19. a4 Ng6 20. g3 Bh3 21. Re1 h5 22. Bb2 h4 23. Bd4 Bxd4 24. Nxd4 Rh5 25. Nxc6 Rbh8 26. Nf3 hxg3 27. fxg3 Bg4 28. Ncd4 Ne7 29. Ra2 Nf5 30. Nxf5 Bxf3 31. Nd4 Be2 32. Raxe2 dxe2 33. Rxe2 Rc8 34. Nc6 Rxc6 35. Rd2+ Kc7 36. bxc6 Kxc6 37. Rd5 Rh8 38. Rxa5 Rd8 39. Ra7 Rd4 40. Rxf7 Rxc4 41. Rxg7 Rxa4 42. Kg2 Re4 43. Rg5 1-0